000 00761nam a2200241Ia 4500
003 GCL
008 140319s9999 xx 000 0 ara d
040 _aGCL /
_cGCL
082 0 4 _a305.42
_bو د
245 1 0 _aدليل حقوق المرأة فى الضمان الاجتماعى
260 _aتونس :
_bوزارة شئون المراة والاسرة ،
_c1997
300 _a80 ص ؛
_c24 سم
490 _a
650 0 4 _aالادب العربى
650 0 4 _aالمرأة
650 0 4 _aالمرأة فى الحياة العامة
650 0 4 _aالقصص
650 0 4 _aحقوق المرأة
650 0 4 _aطه حسين
650 0 4 _aالمرأة - رعاية اجتماعية
650 0 4 _aالمرأة فى المجتمع
942 _2ddc
_cBK
999 _c40694
_d40694